Oración inaugural del curso de 1919 a 1920 en la Universidad de Salamanca / (Record no. 96610)

MARC details
000 -LEADER
campo de control de longitud fija 01203nam a2200241 4500
001 - NÚMERO DE CONTROL
campo de control 96610
003 - IDENTIFICADOR DE NÚMERO DE CONTROL
campo de control ES-MaACL
005 - FECHA Y HORA DE LA ÚLTIMA TRANSACCIÓN
campo de control 20260327151645.0
007 - CAMPO FIJO DE DESCRIPCIÓN FÍSICA--INFORMACIÓN GENERAL
campo de control de longitud fija t|
008 - DATOS DE LONGITUD FIJA--INFORMACIÓN GENERAL
campo de control de longitud fija 050628s1919 sp ||||1| spa d
100 1# - ENTRADA PRINCIPAL--NOMBRE DE PERSONA
Nombre de persona Maldonado, Luis,
Fechas asociadas al nombre 1860-1926
9 (RLIN) 143126
245 10 - MENCIÓN DEL TÍTULO
Título Oración inaugural del curso de 1919 a 1920 en la Universidad de Salamanca /
Mención de responsabilidad, etc. Luis Maldonado.
260 ## - PUBLICACIÓN, DISTRIBUCIÓN, ETC.
Lugar de publicación, distribución, etc. Salamanca :
Nombre del editor, distribuidor, etc. Imp. y Lib. de Francisco Núñez Izquierdo,
Fecha de publicación, distribución, etc. 1919.
300 ## - DESCRIPCIÓN FÍSICA
Extensión 38 p., 1 lám. ;
Dimensiones 31 cm.
594 ## - Nota al título y mención de responsabilidad
Nota al título y mención de responsabilidad Tema: Elogio de los sres. doctores del… Claustro de la Universidad de Salamanca: don Salvador Cuesta Martín...; don Federico Brusi y Crespo...; don Antonio Díez González...; noticia necrológica de don Indalecio Cuesta Martín...; necrología de don Pedro García Dorado y Montero.
599 ## - NOTA A LAS ILUSTRACIONES
NOTA A LAS ILUSTRACIONES Lám.: retr. de Pedro García Dorado y Montero.
610 00 - PUNTO DE ACCESO ADICIONAL DE MATERIA--NOMBRE DE ENTIDAD CORPORATIVA
Nombre de entidad corporativa o nombre de jurisdicción como elemento de entrada Universidad de Salamanca.
9 (RLIN) 7275
650 #4 - PUNTO DE ACCESO ADICIONAL DE MATERIA--TÉRMINO DE MATERIA
Término de materia o nombre geográfico como elemento de entrada Profesores universitarios-
Subdivisión geográfica España.
9 (RLIN) 139944
852 ## - LOCALIZACIÓN
Ubicación ES-MaACL
Número de control de estantería 1536-F-15
itemnumber 100183
Ubicación en estantería Depósito folletos
Nota libre Revisado enlace: 27 de Marzo de 2025.
856 4# - LOCALIZACIÓN Y ACCESO ELECTRÓNICOS
Identificador Uniforme de Recursos <a href="http://bdh-rd.bne.es/viewer.vm?id=0000047689&page=1 ">http://bdh-rd.bne.es/viewer.vm?id=0000047689&page=1 </a>
Texto de enlace Biblioteca Digital Hispánica
942 ## - ELEMENTOS DE ENTRADA SECUNDARIOS (KOHA)
Fuente del sistema de clasificación o colocación Clasificación decimal universal
Holdings
Estatus retirado Estado de pérdida Estado de daño No para préstamo Colección Biblioteca de origen Biblioteca actual Ubicación en estantería Fecha de adquisición Fuente de adquisición Total de préstamos Signatura topográfica completa Código de barras Visto por última vez Precio de reemplazo Tipo de ítem Koha
        Colección de folletos Biblioteca del Ateneo de Madrid Biblioteca del Ateneo de Madrid Depósito folletos 17/01/2008     1536-F-15 1100862 23/02/2023 23/02/2023 Folleto